000 00713nam a2200229 a 4500
003 AR-BaBNM
005 20251128202856.0
008 082120s2002 ||||||||||||||000 | spa||
040 _cAR-BaBNM
100 1 _aSastre, Pastor
245 0 0 _aInstrucción cívica
_bmanual de la Constitución : comentario de la Constitución de 1853, con las reformas de 1860, 1866 y 1898
260 _aBuenos Aires
_bCiordia & Rodríguez
_c1957
300 _a275 p.
650 4 _aEDUCACION CIVICA
650 4 _aENSEÑANZA DE LAS CIENCIAS SOCIALES
650 4 _aCONSTITUCIONES
650 4 _aDERECHOS CIVILES Y POLITICOS
650 4 _aDERECHO CONSTITUCIONAL
653 _aEDUCACION SECUNDARIA
942 _cBK
998 _cSILVI
999 _c995
_d995